000 00730cam a22002291 4500
001 l 49000009
003 DLC
005 20260227111541.0
008 820120s1948 dcu 000 0 eng
010 _al 49000009
035 _a(OCoLC)16760782
040 _aDLC
_cOrPS
_dOCoLC
_dDLC
043 _an-us---
050 0 0 _aHD8051
_b.A62 no. 908-7
100 1 _aWeiss, Abraham,
_d1913-
245 0 0 _aCollective bargaining provisions: promotion, transfer, and assignment;
260 _aWashington,
_bU.S. Govt. Print. Off.,
_c1948.
300 _avi, 99 p.
_c24 cm.
650 0 _aPersonnel management.
650 0 _aLabor contract
_zUnited States.
810 1 _aUnited States.
_bBureau of Labor Statistics.
_tBulletin ;
_vno. 908, 7.
999 _c36637
_d36637